000 01699cam a22003371 4500
001 1739
003 BD-RjUL
005 20211208233412.0
008 131209r19651962caua b 100 0 eng d
035 _a(BD-RjUL)1766
035 _a(OCoLC)374991
040 _aDLC
_cODaWU
_dOCoLC
_dDLC
_dBD-RjUL
_beng
041 _aeng
082 0 0 _a164.082
_219
_bLOG
111 2 _aInternational Congress for Logic, Methodology and Philosophy of Science
_d(1960 :
_cStanford, Calif.)
_95763
245 1 0 _aLogic, methodology, and philosophy of science :
_bproceedings /
_cEdited by Ernest Nagel, Patrick Suppes [and] Alfred Tarski.
260 _aStanford, Calif. :
_bStanford University Press,
_cc1962 [Reprinted 1965].
300 _aix, 661 p. :
_bdiagrs. ;
_c26 cm.
500 _a"Held ... under the auspices of the Division of Logic, Methodology and Philosophy of Science of the International Union of History and Philosophy of Science ... Jointly sponsored by IUHPS and the United States National Academy of Sciences."
504 _aIncludes bibliographies.
650 0 _aLogic, Symbolic and mathematical
_vCongresses.
_95756
650 0 _aScience
_xPhilosophy
_vCongresses.
_95757
650 0 _aMethodology
_vCongresses.
_95758
700 1 _aNagel, Ernest,
_d1901-1985,
_eed.
_95691
710 2 _aInternational Union of the History and Philosophy of Science.
_bDivision of Logic, Methodology and Philosophy of Science.
_95759
710 2 _aNational Academy of Sciences (U.S.)
_95760
856 _3worldcat details
_uhttp://www.worldcat.org/title/logic-methodology-and-philosophy-of-science-proceedings/oclc/374991&referer=brief_results
942 _2ddc
_cBK
999 _c1739
_d1739